| 000 | 00659nam a2200241 a 4500 | ||
|---|---|---|---|
| 005 | 20210219152934.0 | ||
| 008 | 991125n 000 0 u | ||
| 035 | _aUPN01000067834 | ||
| 100 | _aWebb, Wanda | ||
| 222 | _aSCHOOL COUNSELOR | ||
| 245 | _aCognitive behavior therapy whit children of alcoholics | ||
| 300 | _a170-177 | ||
| 362 | _a40, No. 3, 1993 | ||
| 505 | _aJulio 1993 | ||
| 653 | 0 | _aALCOHOLISMO | |
| 653 | 0 | _aCONSEJEROS ESCOLARES | |
| 653 | 0 | _aMODIFICACION DE LA CONDUCTA | |
| 653 | 0 | _aREESTRUCTURACION COGNITIVA | |
| 653 | 0 | _aTECNICAS DE ASESORAMIENTO | |
| 653 | 0 | _aVIDA FAMILIAR | |
| 904 |
_aAC _b005645 |
||
| 905 | _aArticulo | ||
| 999 |
_c64212 _d64212 |
||